[Event "Berlin op 04"]
[Site "Berlin"]
[Date "2006.04.21"]
[Round "7"]
[White "Schueler, Wolfgang"]
[Black "Tarrach, Thomas"]
[Result "1-0"]
[WhiteElo "1957"]
[BlackElo "1611"]
[PlyCount "107"]
[EventDate "2006.04.14"]
[EventType "swiss"]
[EventRounds "9"]
[EventCountry "GER"]
[SourceTitle "EXT 2007"]
[Source "ChessBase"]
[SourceDate "2006.11.23"]
[SourceVersion "1"]
[SourceVersionDate "2006.11.23"]
[SourceQuality "1"]

1. e4 c6 2. d4 d5 3. exd5 cxd5 4. c4 Nf6 5. Nc3 Nc6 6. Nf3 Bg4 7. cxd5 Nxd5 8. Qb3 Bxf3 9. gxf3 Nxc3 10. bxc3 Qb6 11. d5 Qxb3 12. axb3 Ne5 13. Bb5+ Nd7 14. Be3 a6 15. Ba4 0-0-0 16. c4 e6 17. dxe6 Bb4+ 18. Ke2 fxe6 19. Rhg1 Rhg8 20. Rad1 h6 21. Rxd7 Rxd7 22. Bxd7+ Kxd7 23. Bxh6 Bd6 24. h4 Be5 25. Bg5 Kc6 26. Rd1 Bc3 27. Kd3 Bb4 28. Ke4 Bc5 29. Be3 Rh8 30. Rh1 Rh5 31. Kf4 g5+ 32. Kg4 Rxh4+ 33. Rxh4 gxh4 34. Kxh4 b5 35. cxb5+ axb5 36. Kg5 Be7+ 37. Kg6 Bh4 38. f4 Kd5 39. f3 Bg3 40. f5 exf5 41. Kxf5 Bd6 42. Bf4 Bc5 43. Be5 Bf8 44. Bb2 Bh6 45. f4 b4 46. Ba1 Bf8 47. Kg6 Ke4 48. f5 Kd3 49. Kf7 Bc5 50. Ke6 Kc2 51. Kd5 Bf8 52. Kc4 Kd2 53. Bd4 Ke2 54. f6 1-0

[Event "Berlin op 04"]
[Site "Berlin"]
[Date "2006.04.19"]
[Round "5"]
[White "Zumhasch, Hans Joachim"]
[Black "Tarrach, Thomas"]
[Result "1/2-1/2"]
[WhiteElo "1981"]
[BlackElo "1611"]
[PlyCount "124"]
[EventDate "2006.04.14"]
[EventType "swiss"]
[EventRounds "9"]
[EventCountry "GER"]
[SourceTitle "EXT 2007"]
[Source "ChessBase"]
[SourceDate "2006.11.23"]
[SourceVersion "1"]
[SourceVersionDate "2006.11.23"]
[SourceQuality "1"]

1. e4 c5 2. Nf3 e6 3. d4 cxd4 4. Nxd4 a6 5. Nc3 Qc7 6. Be3 Nf6 7. Bd3 b5 8. f4 b4 9. Nb1 d5 10. e5 Ne4 11. Nd2 Bb7 12. 0-0 Bc5 13. N2f3 Nc6 14. Kh1 Qb6 15. Be2 0-0 16. Bg1 a5 17. Rc1 Ba6 18. Bxa6 Rxa6 19. Qd3 Rfa8 20. c4 bxc3 21. bxc3 Qb2 22. Rc2 Qa3 23. Nb5 Nb4 24. Bxc5 Nxd3 25. Bxa3 Rc6 26. Nfd4 Rc4 27. Kg1 Rac8 28. g3 Nxc3 29. Rxc3 Rxc3 30. Nxc3 Rxc3 31. Nb5 Rc2 32. Rd1 Nf2 33. Rc1 Nh3+ 34. Kh1 Nf2+ 35. Kg2 Rxc1 36. Bxc1 Nd3 37. Bd2 a4 38. Nc3 f6 39. exf6 gxf6 40. Nxa4 e5 41. Nc3 d4 42. Nd5 Kf7 43. a4 Ke6 44. Nb4 Nc5 45. a5 Kd7 46. fxe5 fxe5 47. Kf3 Nb3 48. Bh6 Nxa5 49. Ke4 Ke6 50. g4 Nc4 51. Kd3 Nd6 52. h4 Nf7 53. Bg7 Nd6 54. Bf8 Nb5 55. h5 Nc7 56. Bg7 Ne8 57. h6 Nf6 58. g5 Nh5 59. Nc6 Kf5 60. Nxe5 Kxg5 61. Kxd4 Ng3 62. Kd5 Nf5 1/2-1/2

[Event "Hamburg Robinow op"]
[Site "Hamburg"]
[Date "2005.10.09"]
[Round "9"]
[White "Tarrach, Thomas"]
[Black "Diz Suarez, Carlos"]
[Result "1-0"]
[WhiteElo "1468"]
[BlackElo "1602"]
[PlyCount "70"]
[EventDate "2005.10.01"]
[EventType "swiss"]
[EventRounds "9"]
[EventCountry "GER"]
[SourceTitle "CBM 108 Extra"]
[Source "ChessBase"]
[SourceDate "2005.11.04"]
[SourceVersion "1"]
[SourceVersionDate "2005.11.04"]
[SourceQuality "1"]

1. d4 d5 2. c4 dxc4 3. Nf3 Nf6 4. e3 e6 5. Bxc4 c5 6. Nc3 Nc6 7. 0-0 a6 8. a4 b6 9. d5 exd5 10. Nxd5 Nxd5 11. Bxd5 Bb7 12. e4 Be7 13. Bf4 0-0 14. Ne5 Qc8 15. Nc4 Qd8 16. Qb3 b5 17. Ne5 Nd4 18. Bxf7+ Kh8 19. Qd1 Bf6 20. Qh5 Bxe5 21. Bg6 h6 22. Bxh6 Rf5 23. exf5 Qd5 24. Bg5+ Kg8 25. Qh7+ Kf8 26. Qh8+ Qg8 27. Qxg8+ Kxg8 28. Rae1 Nc6 29. axb5 axb5 30. Re2 Bd6 31. Re6 Bf8 32. h3 Nd4 33. Rb6 Bd5 34. Be3 Bc4 35. Rd1 Ne2+ 1-0

[Event "Hamburg Robinow op"]
[Site "Hamburg"]
[Date "2005.10.03"]
[Round "3"]
[White "Warnke, Klaus"]
[Black "Tarrach, Thomas"]
[Result "0-1"]
[WhiteElo "1625"]
[BlackElo "1468"]
[PlyCount "100"]
[EventDate "2005.10.01"]
[EventType "swiss"]
[EventRounds "9"]
[EventCountry "GER"]
[SourceTitle "CBM 108 Extra"]
[Source "ChessBase"]
[SourceDate "2005.11.04"]
[SourceVersion "1"]
[SourceVersionDate "2005.11.04"]
[SourceQuality "1"]

1. c4 c5 2. Nc3 Nc6 3. g3 g6 4. Bg2 Bg7 5. Nf3 Nf6 6. d3 d6 7. 0-0 0-0 8. Bd2 Bg4 9. Qc1 Qd7 10. Bh6 Nd4 11. Bxg7 Kxg7 12. Re1 Nxf3+ 13. exf3 Be6 14. Ne4 Nxe4 15. fxe4 Bh3 16. e5 Bxg2 17. Kxg2 dxe5 18. Rxe5 b6 19. Qc3 Kg8 20. Rae1 e6 21. h4 h5 22. Rg5 Rad8 23. Re3 Qb7+ 24. Kg1 Rd4 25. g4 Rfd8 26. f3 hxg4 27. fxg4 Qd7 28. a4 Rxd3 29. Rxd3 Qxd3 30. Qxd3 Rxd3 31. a5 Re3 32. h5 Kg7 33. hxg6 fxg6 34. Kf2 Re4 35. Kf3 Rxc4 36. axb6 axb6 37. Re5 Kf6 38. Re2 g5 39. Kg3 Rb4 40. Kf3 e5 41. Kg3 Ke6 42. Rd2 e4 43. Rf2 Rb3+ 44. Kg2 Ke5 45. Rf5+ Kd4 46. Kf1 Rxb2 47. Rxg5 c4 48. Rg8 c3 49. Rd8+ Ke3 50. Rc8 c2 0-1